| 000 | 01108cam a22002897a 4500 | ||
|---|---|---|---|
| 999 |
_c16012 _d16012 |
||
| 003 | EG-ScBUE | ||
| 005 | 20200118121429.0 | ||
| 008 | 110913s1965 ua f b 0 01ra ara d | ||
| 040 |
_aEG-ScBUE _bara _erda _cEG-ScBUE _dEG-ScBUE |
||
| 043 | _aa-ye--- | ||
| 082 | 0 | 4 |
_a892.7099533 _bش ا م _222 |
| 100 | 1 |
_aشامي، أحمد بن محمد، _d1924- _eمؤلف. _916476 |
|
| 245 | 1 | 0 |
_aقصة الأدب في اليمن / _cأحمد محمد الشامي. |
| 250 | _aالطبعة الأولى. | ||
| 264 | 1 |
_aالقاهرة : _bمنشورات المكتب التجاري للطباعة والتوزيع والنشر، _c1965. |
|
| 300 |
_a488 صفحة ؛ _c24 سم |
||
| 336 |
_2rdacontent _aنص _btxt |
||
| 337 |
_2rdamedia _aبدون وسيط _bn |
||
| 338 |
_2rdacarrier _aمجلد _bnc |
||
| 500 | _aيشتمل على كشاف. | ||
| 504 | _aيشتمل على إرجاعات ببليوجرافية. | ||
| 590 | _abasantemad | ||
| 650 | 7 |
_aالأدب العربي _zاليمن _xتاريخ ونقد. _2BUEsh _927155 |
|
| 653 |
_cSeptember2011 _bARALIT |
||
| 655 | _vReading book | ||
| 942 |
_2ddc _cBB |
||